| 000 | 00671agaaa2200217 4500 | ||
|---|---|---|---|
| 001 | 54AC | ||
| 003 | IT-RoPAU | ||
| 005 | 20220918181302.0 | ||
| 007 | d cvaizq | ||
| 008 | 50131s9999||||xx ||| | || ||und|| | ||
| 040 |
_aIT-RoPAU _cIT-RoPAU |
||
| 100 |
_aN.d. _935592 |
||
| 130 |
_aMODELLO DOCUMENTO R54AC _953657 |
||
| 245 |
_aMODELLO DOCUMENTO R54AC _cDiretto da: N.d. _pMODELLO DOCUMENTO R54AC (Rif. Codice opera principale : R54AC) |
||
| 250 | _aEdizione Standard | ||
| 260 |
_aROMA (ITALIA) _bABETE / _gn.d. |
||
| 300 |
_aVHS _bsonoro, col. |
||
| 650 |
_eTV-PROGRAMMI MUSICALI [] _xCodice MATERIA SPICS: 9965 _953658 |
||
| 700 |
_aN.d. _935592 |
||
| 942 |
_cVH _2ddc |
||
| 999 |
_c107800 _d107800 |
||